The Human Side of Organizations, (Record no. 5934)

MARC details
005 - DATE AND TIME OF LATEST TRANSACTION
control field 20250628094926.0
020 ## - INTERNATIONAL STANDARD BOOK NUMBER
International Standard Book Number 0-06-043775-8
082 ## - DEWEY DECIMAL CLASSIFICATION NUMBER
Classification number 658.3 KOS
100 ## - MAIN ENTRY--PERSONAL NAME
Author name KOSSEN, S.
245 ## - TITLE STATEMENT
Title The Human Side of Organizations,
250 ## - EDITION STATEMENT
Edition statement 3rd Ed.
260 ## - PUBLICATION, DISTRIBUTION, ETC.
Place of publication, distribution, etc. New York,
Name of publisher, distributor, etc. Harper & Row, Publishers,
Date of publication, distribution, etc. 1983
300 ## - PHYSICAL DESCRIPTION
Extent xii, 568p: ill,; picture,
Other physical details Glossary & Index,
Dimensions 24cm.
942 ## - ADDED ENTRY ELEMENTS (KOHA)
Source of classification or shelving scheme Dewey Decimal Classification
Koha item type Books
Holdings
Date last seen Total checkouts Full call number Barcode Cost, replacement price Price effective from Koha item type Lost status Source of classification or shelving scheme Damaged status Not for loan Withdrawn status Home library Current library Shelving location Date acquired Cost, normal purchase price
06/28/2025   658.3 KOS DOM0004199 135000.00 06/28/2025 Books   Dewey Decimal Classification       CBE Dodoma CBE Dodoma General Collection 06/28/2009 45000.00